Countries in the 2018 PDC World Darts Championship - Statistics

General Stats
  • This quiz has been taken 163 times
  • The average score is 21 of 24
Answer Stats
Continent Country % Correct
Oceania Australia
99%
Europe England
99%
Europe Germany
99%
North America Canada
96%
Asia China
96%
Africa South Africa
96%
Europe Netherlands
95%
Oceania New Zealand
95%
Asia Japan
94%
Europe Republic of Ireland
94%
Europe Scotland
94%
North America United States
94%
South America Brazil
93%
Europe Wales
92%
Europe Spain
90%
Europe Austria
89%
Europe Belgium
88%
Europe Northern Ireland
88%
Europe Russia
83%
Asia Singapore
70%
Europe Poland
68%
Europe Finland
64%
Europe Croatia
52%
Asia Hong Kong
41%
No matching quizzes found
Score Distribution
Percent of People with Each Score
Percentile by Number Answered
Your Score History
You have not taken this quiz